000 00276nam a2200121Ia 4500
008 190216s9999||||xx |||||||||||||| ||und||
100 _aScott Meredith
245 0 _aBest Western Stories
260 _bSpring Books
_c1964
300 _a429p
650 _aSpeeches
942 _cBK
999 _c12124
_d12124